[Event "5th Zurich CC Blitz"]
[Site "Zurich SUI"]
[Date "2016.02.15"]
[Round "5.2"]
[White "Nakamura,Hi"]
[Black "Aronian,L"]
[Result "1-0"]
[WhiteElo "2787"]
[BlackElo "2792"]

1.e4 e5 2.Nf3 Nc6 3.Bb5 Nf6 4.d3 Bc5 5.Bxc6 dxc6 6.Nbd2 Be6 7.O-O Bd6 8.d4 Nd7
9.dxe5 Nxe5 10.Nxe5 Bxe5 11.f4 Qd4+ 12.Kh1 Bd6 13.Qe2 O-O-O 14.f5 Bd7 15.Nf3 Qa4
16.b3 Qa5 17.Bd2 Bb4 18.Bxb4 Qxb4 19.Qf2 b6 20.Ng5 Qe7 21.f6 gxf6 22.Qxf6 Qxf6
23.Rxf6 Be8 24.Nxf7 Bxf7 25.Rxf7 Rd2 26.Rc1 Rg8 27.Rg1 Rxc2 28.Rxh7 Rxa2
29.g4 Ra5 30.h4 Re5 31.g5 Rxe4 32.g6 Ree8 33.h5 a5 34.g7 Kb7 35.Rh6 Re5 36.Rh8 Rxg7
37.Rxg7 b5 38.Rg3 c5 39.h6 Rh5+ 40.Kg2 c4 41.bxc4 b4 42.Rh3 Rg5+ 43.Kf3 b3
44.Kf4 a4 45.Kxg5  1-0

[Event "FIDE Candidates 2016"]
[Site "Moscow RUS"]
[Date "2016.03.16"]
[Round "5.2"]
[White "Anand,V"]
[Black "Nakamura,Hi"]
[Result "1/2-1/2"]
[WhiteElo "2762"]
[BlackElo "2790"]

1.e4 e5 2.Nf3 Nc6 3.Bb5 Nf6 4.d3 Bc5 5.O-O Nd4 6.Nxd4 Bxd4 7.Nd2 a6 8.Ba4 b5
9.Bb3 d6 10.a4 Bb6 11.axb5 Bg4 12.Nf3 axb5 13.Rxa8 Qxa8 14.h3 Be6 15.Bxe6 fxe6
16.Nh2 O-O 17.Ng4 Qe8 18.Be3 Bxe3 19.Nxe3 Qc6 20.Qd2 d5 21.f3 d4 22.Ng4 Nxg4
23.hxg4 h6 24.g5 hxg5 25.Qxg5 Qxc2 26.Qxe5 Qxd3 27.Qxe6+ Kh7 28.Qh3+ Kg8
29.Qe6+ Kh7 30.Qh3+ Kg8  1/2-1/2

[Event "ch-USA 2016"]
[Site "Saint Louis USA"]
[Date "2016.04.14"]
[Round "1.2"]
[White "Nakamura,Hi"]
[Black "Lenderman,A"]
[Result "1-0"]
[WhiteElo "2787"]
[BlackElo "2618"]

1.d4 d5 2.c4 e6 3.Nf3 Nf6 4.Nc3 c6 5.g3 dxc4 6.Bg2 b5 7.O-O Bb7 8.b3 cxb3
9.Qxb3 Be7 10.Ne5 a6 11.Rd1 O-O 12.Ne4 Qc7 13.Ng5 a5 14.Bh3 a4 15.Qc2 Bc8
16.Bf4 Qd8 17.Ng4 g6 18.Nxf6+ Bxf6 19.Ne4 Bg7 20.Bg2 Qb6 21.Bd6 Re8 22.Rac1 Qd8
23.Bc5 Ba6 24.Bb4 Qc7 25.d5 exd5 26.Nd6 Qd7 27.Nxe8 Qxe8 28.e4 d4 29.e5 h5
30.f4 f6 31.Rxd4 fxe5 32.fxe5 Bc8 33.Rcd1 Bd7 34.Rd6 Qxe5 35.Qxg6 Qf5 36.Bc3 Qf7
37.Rf1 Qxg6 38.Rxg6  1-0

[Event "ch-USA 2016"]
[Site "Saint Louis USA"]
[Date "2016.04.16"]
[Round "3.3"]
[White "Nakamura,Hi"]
[Black "Chandra,Akshat"]
[Result "1/2-1/2"]
[WhiteElo "2787"]
[BlackElo "2477"]

1.Nf3 d5 2.c4 e6 3.g3 dxc4 4.Bg2 a6 5.O-O Nf6 6.Qc2 Bd6 7.Qxc4 b5 8.Qb3 Bb7
9.a4 c5 10.d3 Bd5 11.Qc2 Nbd7 12.Nc3 Bc6 13.Ne1 Bxg2 14.Nxg2 Rb8 15.axb5 axb5
16.Ra6 Qc7 17.Qb3 b4 18.Nb1 Nb6 19.Bg5 Nfd7 20.Nd2 O-O 21.Ne4 h6 22.Be3 Be7
23.Rfa1 Ra8 24.Rxa8 Rxa8 25.Rxa8+ Nxa8 26.Qa2 Nab6 27.Nd2 Qc6 28.Ne1 Qa4
29.Qxa4 Nxa4 30.b3 Nc3 31.Kf1 f5 32.Nc4 Kf7 33.Bd2 Nb5 34.Nc2 Bf6 35.e4 Ne5
36.exf5 exf5 37.Be3 Nd7 38.h4 Ke6 39.Ne1 Nd4 40.Bxd4 Bxd4 41.Nf3 Bf6 42.Ke2  1/2-1/2

[Event "Ultimate Blitz Challenge"]
[Site "Saint Louis USA"]
[Date "2016.04.28"]
[Round "1.1"]
[White "Nakamura,Hi"]
[Black "Caruana,F"]
[Result "1-0"]
[WhiteElo "2787"]
[BlackElo "2795"]

1.c4 Nf6 2.Nc3 e6 3.e4 d5 4.e5 d4 5.exf6 dxc3 6.bxc3 Qxf6 7.d4 Nc6 8.Nf3 e5
9.Bg5 Qg6 10.d5 Nb8 11.h4 h6 12.h5 Qd6 13.Be3 Nd7 14.Qa4 c6 15.Rd1 Be7 16.Bd3 Qc7
17.O-O O-O 18.Rfe1 cxd5 19.cxd5 Bd6 20.Nh4 Nf6 21.c4 b6 22.Bf5 Nxh5 23.Bxc8 Qxc8
24.Qc2 f5 25.Bc1 Qd7 26.Bb2 e4 27.Ng6 Rfe8 28.Qe2 Nf4 29.Nxf4 Bxf4 30.Qh5 Qf7
31.Qh3 Bd6 32.Ba3 Rad8 33.Bxd6 Rxd6 34.Re3 f4 35.Ree1 Rg6 36.d6 f3 37.d7 Rd8
38.g3 Re6 39.Kh2 Re7 40.Rd4 e3 41.Rxe3 Rxe3 42.fxe3 Qe7 43.Rd3 f2 44.Qf5 Rf8
45.Qxf8+ Qxf8 46.Rd1 Qd8 47.Kg2 Kf7 48.Kxf2 Ke6 49.Ke2 h5 50.Rd5 g5 51.Kf3 Qf6+
52.Ke4 Qd8 53.Re5+ Kd6 54.Rd5+ Kc6 55.Kf5 h4 56.gxh4 gxh4 57.Kg4 a6 58.e4 Kc7
59.Kh3 Qxd7+ 60.Rxd7+ Kxd7 61.Kxh4 Ke6 62.Kg3 Ke5 63.Kf3 b5 64.cxb5 axb5
65.Ke3 b4 66.Kd3 Kf4 67.Kd4  1-0

[Event "Ultimate Blitz Challenge"]
[Site "Saint Louis USA"]
[Date "2016.04.28"]
[Round "2.2"]
[White "Nakamura,Hi"]
[Black "Kasparov,G"]
[Result "1/2-1/2"]
[WhiteElo "2787"]
[BlackElo "2812"]

1.c4 g6 2.e4 Bg7 3.d4 d6 4.Nc3 Nf6 5.Nf3 O-O 6.Be2 e5 7.O-O Nc6 8.d5 Ne7
9.Ne1 Nd7 10.Nd3 f5 11.Bd2 Nf6 12.f3 Kh8 13.Rc1 c5 14.dxc6 bxc6 15.Be3 Be6
16.b3 c5 17.b4 Bxc4 18.bxc5 Rc8 19.cxd6 Qxd6 20.Nc5 Qxd1 21.Rfxd1 Bxe2 22.Nxe2 fxe4
23.Nxe4 Rxc1 24.Rxc1 Ned5 25.Bf2 Nxe4 26.fxe4 Nf4 27.Nxf4 exf4 28.Kf1 h5
29.Bxa7 Ra8 30.Rc7 Re8 31.Rc4 Ra8 32.Rc7 Re8 33.Rc6 Rxe4 34.Rxg6 Ra4 35.Bf2 Kh7
36.Rg5 Kh6 37.h4 Rxa2 38.Rf5 Ra4 39.Ke2 Kg6 40.Rg5+ Kh6 41.Rb5 Bf6 42.Kf3 Kg6
43.Rd5 Rb4 44.Ra5 Rc4 45.Be1 Rc1 46.Bd2 Rc4 47.Ra6 Kf5  1/2-1/2

[Event "Ultimate Blitz Challenge"]
[Site "Saint Louis USA"]
[Date "2016.04.28"]
[Round "3.2"]
[White "So,W"]
[Black "Nakamura,Hi"]
[Result "1-0"]
[WhiteElo "2773"]
[BlackElo "2787"]

1.d4 Nf6 2.c4 e6 3.Nc3 Bb4 4.e3 O-O 5.Bd3 c5 6.Nf3 d5 7.cxd5 cxd4 8.exd4 Nxd5
9.O-O Nc6 10.Bc2 Be7 11.Qd3 g6 12.a3 Nxc3 13.bxc3 b6 14.Re1 Bb7 15.h4 Bxh4
16.Nxh4 Qxh4 17.Re3 Ne7 18.Rg3 Nf5 19.Bg5 Qh5 20.Bd1 Nxg3 21.Qxg3  1-0

[Event "Ultimate Blitz Challenge"]
[Site "Saint Louis USA"]
[Date "2016.04.28"]
[Round "4.1"]
[White "Caruana,F"]
[Black "Nakamura,Hi"]
[Result "1-0"]
[WhiteElo "2795"]
[BlackElo "2787"]

1.e4 e5 2.Nf3 Nc6 3.Bc4 Bc5 4.O-O Nf6 5.d3 d6 6.c3 a6 7.a4 Ba7 8.h3 O-O 9.Re1 Be6
10.Bxe6 fxe6 11.Qb3 Qd7 12.Be3 Bxe3 13.Rxe3 Nh5 14.g3 Kh8 15.Nbd2 Nf6 16.d4 exd4
17.cxd4 d5 18.e5 Ng8 19.Rc1 Nge7 20.Rec3 Rab8 21.Qd1 Nf5 22.Nb3 Qf7 23.Qd2 Rbc8
24.Nc5 Nd8 25.b4 c6 26.h4 Qe8 27.Ng5 Rc7 28.Rf3 Re7 29.Qd3 Qh5 30.Rf4 h6
31.g4 Qxh4 32.Nf3 Qh3 33.gxf5 g5 34.Nxg5 Qxd3 35.Nxd3 Rg7 36.f6 Rxg5+ 37.Kf1 b6
38.a5 bxa5 39.bxa5 Kh7 40.Nc5 Kg6 41.Nxa6 h5 42.Nc5 Rh8 43.a6 Rf5 44.Rxf5 Kxf5
45.a7 Nf7 46.Ra1  1-0

[Event "Ultimate Blitz Challenge"]
[Site "Saint Louis USA"]
[Date "2016.04.28"]
[Round "6.2"]
[White "Nakamura,Hi"]
[Black "So,W"]
[Result "1-0"]
[WhiteElo "2787"]
[BlackElo "2773"]

1.d4 Nf6 2.Bg5 d5 3.e3 c5 4.Bxf6 gxf6 5.c3 Nc6 6.Nf3 e5 7.dxc5 Bxc5 8.b4 Be7
9.a3 Be6 10.Nbd2 Rg8 11.g3 Qc7 12.Rc1 O-O-O 13.Qc2 Kb8 14.Nh4 e4 15.Nb3 Bg4
16.h3 Be6 17.Nd4 Nxd4 18.cxd4 Qxc2 19.Rxc2 Rc8 20.Kd2 a5 21.Rb2 axb4 22.axb4 Ka7
23.Be2 Kb6 24.Bg4 Rc4 25.Rhb1 Ra8 26.Ng2 Bd6 27.Be2 Rcc8 28.h4 Ra3 29.Ne1 Bd7
30.Nc2 Ra4 31.b5 Rca8 32.Bh5 Be6 33.Bd1 Ra2 34.Rxa2 Rxa2 35.Kc3 Bd7 36.Bh5 Be6
37.Be2 h6 38.Bh5 Ra5 39.Be2 Bd7 40.Bh5 Be8 41.Nb4 Bxb4+ 42.Rxb4 f5 43.Rb2 Rxb5
44.Bd1 Rxb2 45.Kxb2 Bb5 46.Bh5 Be8 47.Ka3 Kb5 48.Be2+ Ka5 49.Bd1 b5 50.Bb3 Bc6
51.Ba2 f6 52.Bb3 Bb7 53.Ba2 Bc6 54.Bb3 Bb7 55.Bd1 b4+ 56.Kb2 Kb5 57.Be2+ Ka4
58.Bd1+ Kb5 59.Bh5 Bc6 60.Kb3 Ka5 61.Bf7 Bb7 62.Be6 Bc6 63.Bxf5 Bb5 64.Kb2 Ka4
65.Be6 Bc4 66.Bd7+ Bb5 67.Be6 Bc4 68.Bg4 b3 69.Bd7+ Kb4 70.Bc6 Ka5 71.Ka3 Kb6
72.Ba4 Ka5 73.Bd7 Kb6 74.Be8 Ka5 75.Bh5 Kb6 76.Bd1 Kb5 77.f3 exf3 78.Bxf3 Kc6
79.Bd1 Kd6 80.Bxb3 Ba6 81.Kb4 Bb7 82.Kc3 Ba6 83.Kd2 Bc8 84.Bc2 Bg4 85.Bd1 Bf5
86.Ke1 Be4 87.Kf2 Bf5 88.Kf3 Ke6 89.Kf4 Bd3 90.Bg4+ Kd6 91.Bf5 Be2 92.Bb1 Ke6
93.Bc2 Bc4 94.Bh7 Bb3 95.Bg8+ Kd6 96.e4  1-0

[Event "Ultimate Blitz Challenge"]
[Site "Saint Louis USA"]
[Date "2016.04.28"]
[Round "7.1"]
[White "Nakamura,Hi"]
[Black "Caruana,F"]
[Result "1-0"]
[WhiteElo "2787"]
[BlackElo "2795"]

1.c4 g6 2.Nc3 Bg7 3.d4 f5 4.h4 Nf6 5.h5 d6 6.hxg6 hxg6 7.Rxh8+ Bxh8 8.Bg5 Be6
9.e3 c6 10.Bd3 Nbd7 11.Qd2 Bf7 12.f4 Qc7 13.Bh4 e5 14.Nh3 O-O-O 15.Ng5 Bg8
16.fxe5 dxe5 17.O-O-O exd4 18.exd4 Ng4 19.Nf3 Re8 20.Re1 Rxe1+ 21.Qxe1 Qf4+
22.Kb1 Qe3 23.Qd1 Bf6 24.Bxf6 Nf2 25.Qc2 Qxd3 26.Bh4 Qxc2+ 27.Kxc2 Ng4 28.Kd3 a6
29.b3 b5 30.Ne2 bxc4+ 31.bxc4 Nb6 32.Nd2 Bf7 33.Nf4 Kd7 34.Nh3 Bg8 35.Nf2 Nxf2+
36.Bxf2 Nc8 37.Nf3 Nd6 38.Ne5+ Kc7 39.Bh4 Kb7 40.Be7 Ne4 41.Ke3 g5 42.g4 Ng3
43.Kf3 Ne4 44.gxf5 Nd2+ 45.Kg4 Nxc4 46.Kxg5 Ne3 47.a4 Kb6 48.Bd8+ Kb7 49.f6 Nc2
50.f7 Bxf7 51.Nxf7 Nxd4 52.Nd6+ Kb8 53.Kf6 c5 54.Bb6 Nc2 55.Ke6 Nd4+ 56.Kd7 Nb3
57.Kc6 c4 58.Nxc4 Kc8 59.Ba7 Nc1 60.Ne5 Nb3 61.Be3 Na1 62.Nd3 Nc2 63.Bc5 Na1
64.Kd5 Kb7 65.Kc4 a5 66.Kc3 Kc6 67.Kb2 Kd5 68.Ba3 Kc4 69.Nc1  1-0

[Event "Ultimate Blitz Challenge"]
[Site "Saint Louis USA"]
[Date "2016.04.28"]
[Round "8.2"]
[White "Nakamura,Hi"]
[Black "Kasparov,G"]
[Result "1-0"]
[WhiteElo "2787"]
[BlackElo "2812"]

1.d4 Nf6 2.c4 g6 3.f3 c5 4.d5 d6 5.Nc3 e6 6.e4 Bg7 7.Bg5 exd5 8.cxd5 O-O
9.Qd2 Re8 10.Nge2 Nbd7 11.Ng3 a6 12.a4 Qc7 13.Be2 c4 14.O-O Rb8 15.Be3 h5
16.Rfc1 h4 17.Nh1 h3 18.g3 b5 19.axb5 axb5 20.Ra7 Qd8 21.Nf2 Ne5 22.Bd4 Nfd7
23.Qe3 Nc5 24.Bxc5 dxc5 25.Qxc5 b4 26.Ncd1 Bd7 27.Qc7 Qxc7 28.Rxc7 Bb5 29.f4 c3
30.Bxb5 cxb2 31.Rb1 Nf3+ 32.Kh1 Rxb5 33.d6 Nd2 34.d7 Rd8 35.Rxb2 Bxb2 36.Nxb2 Kf8
37.Nfd3 Nxe4 38.Ne5 Ke7 39.Nbd3 Kd6 40.Rc6+ Ke7 41.Rc4 Nf6 42.Nc6+ Kxd7 43.Nxd8 Rd5
44.Nxf7 Ng4 45.Nfe5+ Nxe5 46.Nxe5+ Kd6 47.Rc6+ Ke7 48.Kg1 b3 49.Rb6 Rd1+
50.Kf2 Rd2+ 51.Kf3 Rxh2 52.Nxg6+  1-0

[Event "Ultimate Blitz Challenge"]
[Site "Saint Louis USA"]
[Date "2016.04.28"]
[Round "9.2"]
[White "So,W"]
[Black "Nakamura,Hi"]
[Result "1/2-1/2"]
[WhiteElo "2773"]
[BlackElo "2787"]

1.Nf3 d5 2.d4 Nf6 3.c4 e6 4.Nc3 Be7 5.Bf4 O-O 6.e3 Nbd7 7.c5 Nh5 8.Bd3 Nxf4
9.exf4 b6 10.b4 a5 11.a3 c6 12.O-O Qc7 13.g3 Ba6 14.Re1 Bf6 15.Qe2 bxc5 16.bxc5 Nxc5
17.dxc5 Bxc3 18.Bxa6 Bxa1 19.Rxa1 Qa7 20.Bd3 Qxc5 21.Ne5 Qd6 22.Qc2 c5 23.Bxh7+ Kh8
24.Rb1 Ra7 25.Rd1 Rc7 26.Be4 Qe7 27.Bg2 c4 28.a4 Rb8 29.Rc1 c3 30.Bf1 Rb2
31.Qd1 c2 32.Qh5+ Kg8 33.Bd3 g6 34.Bxg6 fxg6 35.Qxg6+ Kf8 36.Kg2 d4 37.h4 Qe8
38.Qe4 Qd8 39.Qg6 Qe8 40.Qe4 Qd8 41.Qg6  1/2-1/2

[Event "Ultimate Blitz Challenge"]
[Site "Saint Louis USA"]
[Date "2016.04.29"]
[Round "10.1"]
[White "Caruana,F"]
[Black "Nakamura,Hi"]
[Result "1/2-1/2"]
[WhiteElo "2795"]
[BlackElo "2787"]

1.e4 e5 2.Nf3 Nc6 3.Bb5 Nf6 4.d3 Bc5 5.Nbd2 O-O 6.O-O Re8 7.c3 a6 8.Bxc6 dxc6
9.Nc4 Bg4 10.h3 Bh5 11.b4 Ba7 12.Bg5 b5 13.Na5 Qd7 14.Bxf6 gxf6 15.g4 Bg6
16.Qe2 Bb6 17.Nb3 Rad8 18.Rad1 Qe7 19.Nh4 c5 20.a3 cxb4 21.axb4 c5 22.bxc5 Bxc5
23.Ra1 Ra8 24.Ra2 Bb6 25.Rfa1 Qe6 26.Qc2 Rec8 27.Kg2 Bd4 28.Nxd4 exd4 29.c4 bxc4
30.Nxg6 hxg6 31.Ra4 c3 32.Rxd4 Rab8 33.Ra3 Rb2 34.Qc1 Rb3 35.Raa4 Rb2 36.Rac4 Rxc4
37.Rxc4 Qb6 38.d4 c2 39.Rxc2 Rxc2 40.Qxc2 Qxd4 41.Qc8+ Kg7 42.Qxa6 Qxe4+
43.Kg1 Qf3 44.Qf1 f5 45.Qg2 Qd1+ 46.Qf1 Qd5 47.Qa1+ Kh7 48.Qf6 fxg4 49.hxg4 Kg8
50.Qf4 g5 51.Qb8+ Kg7 52.Qb2+ f6 53.Qe2 Qd7 54.Qe4  1/2-1/2

[Event "Ultimate Blitz Challenge"]
[Site "Saint Louis USA"]
[Date "2016.04.29"]
[Round "11.2"]
[White "Kasparov,G"]
[Black "Nakamura,Hi"]
[Result "1/2-1/2"]
[WhiteElo "2812"]
[BlackElo "2787"]

1.e4 e5 2.Nf3 Nc6 3.d4 exd4 4.Nxd4 Bc5 5.Be3 Qf6 6.c3 Nge7 7.Bc4 Ne5 8.Be2 d6
9.O-O Qg6 10.Kh1 Qxe4 11.Nd2 Qg6 12.Nb5 O-O 13.Nxc7 Rb8 14.Bh5 Qf5 15.f4 Ng4
16.Bxg4 Qxg4 17.Nc4 Qd7 18.Bxc5 dxc5 19.Qxd7 Bxd7 20.Rad1 Bg4 21.Rde1 Nc6
22.f5 Rbc8 23.Nb5 f6 24.Nbd6 Rc7 25.a4 Bh5 26.Re4 Rd8 27.Rfe1 Rcd7 28.g4 Bf7
29.Nxf7 Kxf7 30.Kg2 a6 31.a5 g6 32.Rf1 gxf5 33.Rxf5 Rd5 34.Rf3 Kg7 35.Re6 Rf8
36.h3 Nd8 37.Re2 Nc6 38.Re6 Nd8 39.Re7+ Rf7 40.Re8 Nc6 41.Kg3 Re7 42.Rc8 Rd8
43.Rxd8 Nxd8 44.Nd6 Re6 45.Rd3 Kf8 46.Nf5 Nc6 47.Rd7 Nxa5 48.Rxh7 Rb6 49.h4 Nc4
50.h5 Ne5 51.h6 Kg8 52.Rg7+ Kh8 53.Re7 Ng6 54.Rc7 Rxb2 55.Rc8+ Kh7 56.Rc7+ Kh8
57.Rxc5 Rd2 58.Rc8+ Kh7 59.Rc7+ Kh8 60.Rxb7 a5 61.c4 a4 62.c5 a3 63.Ra7 Rd3+
64.Kf2 Rc3 65.Ra8+ Kh7 66.Ra7+ Kh8 67.c6 Ne5 68.c7 a2 69.Rxa2 Nxg4+ 70.Kg2  1/2-1/2

[Event "Ultimate Blitz Challenge"]
[Site "Saint Louis USA"]
[Date "2016.04.29"]
[Round "12.2"]
[White "Nakamura,Hi"]
[Black "So,W"]
[Result "1-0"]
[WhiteElo "2787"]
[BlackElo "2773"]

1.c4 g6 2.d4 Nf6 3.f3 d5 4.cxd5 Nxd5 5.e4 Nb6 6.Nc3 Bg7 7.Be3 O-O 8.Qd2 Nc6
9.O-O-O Qd6 10.Nb5 Qd7 11.Kb1 Rd8 12.d5 a6 13.Nc3 Qe8 14.Qc1 Na5 15.h4 e6
16.Bf4 Rd7 17.Bh6 Bxh6 18.Qxh6 Qf8 19.Qxf8+ Kxf8 20.h5 exd5 21.exd5 c6 22.hxg6 hxg6
23.d6 Nd5 24.Nxd5 cxd5 25.Rxd5 b5 26.a4 Kg7 27.Rh4 Bb7 28.Rd1 Bc6 29.axb5 Bxb5
30.Bxb5 axb5 31.Rd5 Ra6 32.Rhd4 Rb6 33.Ne2 Nc4 34.Nc3 Rdxd6 35.b3 b4 36.bxc4 bxc3+
37.Kc2 Rb2+ 38.Kxc3 Rdb6 39.Rg4 R6b3+ 40.Kd4 Rc2 41.Kc5 Rbb2 42.g3 Rb3 43.Rf4 f5
44.g4 fxg4 45.fxg4 Ra2 46.g5 Ra5+ 47.Kd6 Ra6+ 48.Ke5 Ra7 49.Kd4 Rb1 50.Kc5 Ra5+
51.Kd6 Ra6+ 52.Ke5 Ra7 53.c5 Re1+ 54.Kd6 Ra8 55.c6 Rd8+ 56.Kc5 Rc8 57.Rd7+ Kg8
58.c7 Rc1+ 59.Kb6 Rb1+ 60.Kc6  1-0

[Event "Ultimate Blitz Challenge"]
[Site "Saint Louis USA"]
[Date "2016.04.29"]
[Round "13.1"]
[White "Nakamura,Hi"]
[Black "Caruana,F"]
[Result "1-0"]
[WhiteElo "2787"]
[BlackElo "2795"]

1.c4 e6 2.Nc3 d5 3.d4 Be7 4.Bf4 Nf6 5.e3 O-O 6.a3 b6 7.cxd5 Nxd5 8.Nxd5 exd5
9.Bd3 c5 10.Nf3 Nc6 11.O-O Be6 12.Bb5 Na5 13.dxc5 bxc5 14.b4 Qb6 15.Qa4 a6
16.Bd3 cxb4 17.Nd4 b3 18.Rab1 Qc5 19.Nxe6 fxe6 20.Qd7 Rf6 21.Be5 Rd8 22.Qa4 Rf7
23.Qg4 Nc4 24.Bd4 Qd6 25.Qh5 h6 26.Qg6 Bf6 27.Rxb3 Bxd4 28.exd4 Nd2 29.Rc3 Nxf1
30.Qh7+ Kf8 31.Bg6 Qxh2+ 32.Kxf1 Qf4 33.Bxf7 Kxf7 34.Rf3  1-0

[Event "Ultimate Blitz Challenge"]
[Site "Saint Louis USA"]
[Date "2016.04.29"]
[Round "14.2"]
[White "Nakamura,Hi"]
[Black "Kasparov,G"]
[Result "1/2-1/2"]
[WhiteElo "2787"]
[BlackElo "2812"]

1.d4 Nf6 2.c4 g6 3.f3 c5 4.d5 d6 5.Nc3 e6 6.e4 Bg7 7.Nge2 exd5 8.cxd5 a6
9.a4 Nbd7 10.Ng3 h5 11.Be2 h4 12.Nf1 Nh5 13.Be3 f5 14.exf5 gxf5 15.Nd2 Ne5
16.f4 Ng4 17.Nc4 O-O 18.O-O Ng3 19.hxg3 hxg3 20.Bxg4 fxg4 21.Ne4 Qh4 22.Nxg3 Qxg3
23.Qe1 Qxe1 24.Raxe1 Bd7 25.Nxd6 Bxa4 26.Bxc5 b6 27.Ba3 Bb3 28.Kh2 Bxd5 29.Kg3 b5
30.Rd1 Ba2 31.Kxg4 Rab8 32.Bc5 b4 33.Rd2 a5 34.Ra1 b3 35.Re1 Rxf4+ 36.Kxf4 Bh6+
37.Kg4 Bxd2 38.Re7 Bb4 39.Bxb4 Rxb4+ 40.Kg5 Bb1 41.Ra7 a4 42.Ne8 Kf8 43.Nf6 Rd4
44.g4 Rd2 45.Rxa4 Rxb2 46.Rb4 Kf7 47.Nd5 Rd2 48.Rb7+ Kf8 49.Rb8+ Kf7  1/2-1/2

[Event "Ultimate Blitz Challenge"]
[Site "Saint Louis USA"]
[Date "2016.04.29"]
[Round "15.2"]
[White "So,W"]
[Black "Nakamura,Hi"]
[Result "0-1"]
[WhiteElo "2773"]
[BlackElo "2787"]

1.Nf3 d5 2.d4 Nf6 3.c4 e6 4.Nc3 Be7 5.Bf4 O-O 6.e3 Nbd7 7.c5 c6 8.h3 b6 9.b4 a5
10.a3 Ba6 11.Bxa6 Rxa6 12.O-O Qc8 13.Qc2 Qb7 14.Rab1 axb4 15.axb4 Ra3 16.Rfc1 Rfa8
17.Ne1 b5 18.Qb2 Ne4 19.Nxe4 dxe4 20.Ra1 R3a4 21.Nc2 Nf6 22.Rxa4 Rxa4 23.Ra1 Qa6
24.Rxa4 Qxa4 25.Kf1 Nd5 26.Be5 f6 27.Bg3 Nxb4 28.Qxb4 Qxc2 29.Ke1 Bd8 30.Qa3 Qa4
31.Qxa4 bxa4 32.Kd1 Ba5 33.f3 exf3 34.gxf3 Bb4 35.Kc2 Kf7 36.Kd3 e5 37.dxe5 Bxc5
38.e4 a3 39.exf6 Bd4  0-1

[Event "Ultimate Blitz Challenge"]
[Site "Saint Louis USA"]
[Date "2016.04.29"]
[Round "16.1"]
[White "Caruana,F"]
[Black "Nakamura,Hi"]
[Result "0-1"]
[WhiteElo "2795"]
[BlackElo "2787"]

1.Nf3 d5 2.g3 Nf6 3.Bg2 e6 4.O-O Be7 5.b3 O-O 6.Bb2 c5 7.c4 d4 8.e3 Nc6 9.exd4 cxd4
10.Re1 Ne8 11.d3 f6 12.Nbd2 e5 13.Ne4 Nc7 14.c5 Be6 15.Nfd2 Bd5 16.Nc4 Ne6
17.Ba3 b5 18.Ncd6 Bxd6 19.cxd6 b4 20.Bc1 Bxe4 21.Bxe4 Qxd6 22.Qh5 g6 23.Qf3 Rac8
24.Bh6 Rf7 25.Rac1 Ne7 26.Rxc8+ Nxc8 27.Rc1 Ne7 28.h4 Kh8 29.Ba8 Nc5 30.Bd2 a5
31.h5 Kg7 32.h6+ Kh8 33.Rc4 Rf8 34.g4 f5 35.Bg5 Ne6 36.Bd2 e4 37.dxe4 fxg4
38.e5 Qxe5 39.Qe4 Qxe4 40.Bxe4 Rc8 41.Rxc8+ Nxc8 42.Bd5 Nc7 43.Bc6 Ne7 44.Bd7 Kg8
45.Bxg4 Kf7 46.Kf1 Nc6 47.Ke2 Ne5 48.Bh3 Ke7 49.f4 Nf7 50.f5 g5 51.Kd3 Nb5
52.Kc4 Nc3 53.Kxd4 Kf6 54.Bxc3 bxc3 55.Kxc3 Nxh6 56.b4 g4 57.Bg2 axb4+ 58.Kxb4 Nxf5
59.a4 Ne3 60.Be4 Ke5 61.Bh1 Kd6 62.a5 Kc7 63.Kc5 g3 64.Kd4 g2 65.Bxg2 Nxg2
66.Ke4 Nh4 67.Kf4 Ng6+  0-1

[Event "Ultimate Blitz Challenge"]
[Site "Saint Louis USA"]
[Date "2016.04.29"]
[Round "18.2"]
[White "Nakamura,Hi"]
[Black "So,W"]
[Result "1/2-1/2"]
[WhiteElo "2787"]
[BlackElo "2773"]

1.d4 d5 2.c4 c6 3.Nf3 Nf6 4.e3 a6 5.Nc3 Bf5 6.Qb3 Ra7 7.Nh4 Bc8 8.Bd3 e6
9.O-O dxc4 10.Bxc4 b5 11.Be2 Nbd7 12.a4 b4 13.Nb1 c5 14.Nd2 Bb7 15.Bf3 cxd4
16.Bxb7 Rxb7 17.exd4 Be7 18.Nhf3 O-O 19.Nc4 Nb6 20.Nxb6 Qxb6 21.Be3 Nd5 22.Rac1 Rc7
23.Rxc7 Qxc7 24.Rc1 Qb7 25.Qc4 Nb6 26.Qc7 Qxc7 27.Rxc7 Bd8 28.Rb7 Nxa4 29.Rxb4 Nb6  1/2-1/2

[Event "chess.com QF Blitz 5m+2spm 2016"]
[Site "chess.com INT"]
[Date "2016.05.04"]
[Round "2"]
[White "Harikrishna,P"]
[Black "Nakamura,Hi"]
[Result "0-1"]
[WhiteElo "2763"]
[BlackElo "2787"]

1.d4 Nf6 2.Nf3 e6 3.Bg5 h6 4.Bh4 c5 5.e3 b6 6.Nbd2 Bb7 7.Bd3 g5 8.Bg3 g4
9.Nh4 Nc6 10.c3 d5 11.Qe2 Bd6 12.O-O-O Qc7 13.Kb1 O-O-O 14.Rhe1 Bxg3 15.hxg3 h5
16.f4 Kb8 17.Rc1 Qe7 18.Bb5 Rc8 19.dxc5 Qxc5 20.Bd3 Rhd8 21.Red1 Qe7 22.a3 Nd7
23.b4 f5 24.c4 Nxb4 25.axb4 Qxb4+ 26.Ka2 Nc5 27.Bc2 dxc4 28.Ra1 Bd5 29.Rdb1 c3+  0-1

[Event "chess.com QF Blitz 5m+2spm 2016"]
[Site "chess.com INT"]
[Date "2016.05.04"]
[Round "3"]
[White "Nakamura,Hi"]
[Black "Harikrishna,P"]
[Result "1/2-1/2"]
[WhiteElo "2787"]
[BlackElo "2763"]

1.Nf3 Nf6 2.c4 b6 3.d4 e6 4.g3 Ba6 5.Nbd2 Bb7 6.Bg2 Be7 7.O-O O-O 8.Qc2 d5
9.cxd5 exd5 10.Ne5 c5 11.dxc5 bxc5 12.Rd1 Qc8 13.Nb3 a5 14.Be3 Na6 15.Rac1 d4
16.Bxb7 Qxb7 17.Bg5 Nb4 18.Qb1 a4 19.Nd2 Qd5 20.Ndc4 Rab8 21.a3 Nc6 22.Nxc6 Qxc6
23.Qf5 h6 24.Bxf6 Bxf6 25.Rd3 Rfe8 26.Rc2 g6 27.Qf3 Qxf3 28.Rxf3 Kg7 29.Rd3 Re6
30.Kf1 h5 31.h4 Bd8 32.Nd2 Be7 33.Nc4 Bd8 34.b3 Rxb3 35.Rxb3 axb3 36.Rb2 Ra6
37.Rxb3 Ra4 38.Nb2 Ra7 39.Ke1 Ba5+ 40.Kd1 Bc3 41.Nc4 Ra4 42.Nb6 Ra7 43.Kc2 Be1
44.Rf3 Re7 45.Kd3 Ra7 46.Kc4 Re7 47.Kd3 Ra7 48.Kc2 Re7 49.Kd1 Ba5 50.Nc4 Bc3
51.a4 Rb7 52.a5 Rb4 53.Ne5 f5 54.Nd3 Rb1+ 55.Kc2 Ra1 56.Nxc5 Rxa5 57.Nb3 Ra2+
58.Kd3 Rb2 59.Nxd4 Bxd4 60.Kxd4 Rxe2 61.Kd3 Ra2 62.Rf4 Kf6 63.Ke3 Ra3+ 64.Ke2 Ra2+
65.Kf1 Ra1+ 66.Kg2 Ra6 67.Rb4 Rc6 68.Ra4 Rc3 69.Ra6+ Kf7 70.Rb6 Rd3 71.Rb7+ Kf6
72.Rb6+ Kf7 73.Rb7+ Kf6 74.Rb6+ Kf7 75.Rb2 Kf6 76.Rb4 Kf7 77.Ra4 Kf6 78.Kf1 Kf7
79.Ke2 Rc3 80.Ra6 Rb3 81.Rd6 Ra3 82.Rd3 Ra4 83.Kf3 Kf6 84.Rb3 Kf7 85.Rb7+ Kf6
86.Rb6+ Kf7 87.Rd6 Rb4 88.Ke3 Re4+ 89.Kd3 Ra4 90.Rc6 Rb4 91.Rd6 Ra4 92.Rd4 Ra3+
93.Ke2 Kf6 94.Rb4 Kf7 95.Rb7+ Kf6 96.Rc7 Rb3 97.Kd2 Ra3 98.Rc6+ Kf7 99.Rc3 Ra4
100.Ke3 Re4+ 101.Kf3 Ra4 102.Rd3 Kf6 103.Ke3 Re4+ 104.Kf3 Ra4 105.Rd1 Ra3+
106.Kg2 Ra4 107.Rc1 f4 108.Rc6+ Kf7 109.Rc7+ Kf6 110.Rc6+ Kf7 111.Kf3 fxg3
112.fxg3 Ra3+ 113.Kf4 Ra4+ 114.Ke5 Ra5+ 115.Kf4 Ra4+ 116.Kf3 Ra3+ 117.Kg2 Ra2+
118.Kh3 Ra3 119.Rb6 Rc3 120.Rd6 Ra3 121.Rb6 Rc3 122.Ra6 Rb3 123.Rc6 Ra3 124.Rc7+ Kf6
125.Rb7 Rc3 126.Rb6+ Kf7 127.Ra6 Rb3 128.Ra7+ Kf6 129.Ra6+ Kf7 130.Ra7+ Kf6
131.Ra6+ Kf7 132.Ra5 Kf6 133.Kg2 Rb2+ 134.Kf3 Rb3+ 135.Kg2 Rb2+ 136.Kh3 Rb3
137.Ra8 Kf7 138.Rc8 Ra3 139.Rc1 Kg7 140.Rc8 Kf7 141.Rc7+ Kf6 142.Rb7 Rc3
143.Rb4 Ra3 144.Rb1 Kf7 145.Rf1+ Kg7 146.Rb1 Kf7 147.Rb7+ Kf6 148.Rb6+ Kf7
149.Rb5 Kf6 150.Rb7  1/2-1/2

[Event "chess.com QF Blitz 5m+2spm 2016"]
[Site "chess.com INT"]
[Date "2016.05.04"]
[Round "4"]
[White "Harikrishna,P"]
[Black "Nakamura,Hi"]
[Result "1/2-1/2"]
[WhiteElo "2763"]
[BlackElo "2787"]

1.e4 e5 2.Nf3 Nc6 3.Bc4 Bc5 4.O-O Nf6 5.d3 d6 6.c3 a6 7.Bb3 O-O 8.h3 h6 9.Re1 Re8
10.Nbd2 Be6 11.Nf1 Bxb3 12.Qxb3 Qd7 13.Ng3 Ba7 14.Be3 Bxe3 15.fxe3 d5 16.exd5 Qxd5
17.Qxd5 Nxd5 18.d4 Rad8 19.e4 Nf4 20.d5 Nb8 21.c4 a5 22.Rad1 Na6 23.Ne2 Nxe2+
24.Rxe2 Nc5 25.b3 Rd6 26.Ne1 g6 27.Nd3 Nxd3 28.Rxd3 c5 29.Rf2 Kg7 30.g4 f6
31.a4 Rh8 32.Rg3 g5 33.h4 b6 34.Rh2 gxh4 35.Rxh4 Kg6 36.Rh5 Rdd8 37.Kg2 Rd6
38.Rf3 Rdd8 39.Kg3 Rd6 40.Rff5 Rg8 41.Rh3 Kh7 42.Rh2 Rg6 43.Kf3 Kg7 44.Rfh5 Rd8
45.Rf5 Rd6 46.Rd2 Rg5 47.Rxg5+ hxg5 48.Ke3 Rd8 49.Rh2 Rd6 50.Kd3 Rd8 51.Kc3 Rd7
52.Rh3 Rd8  1/2-1/2

[Event "chess.com QF Blitz 5m+2spm 2016"]
[Site "chess.com INT"]
[Date "2016.05.04"]
[Round "5"]
[White "Nakamura,Hi"]
[Black "Harikrishna,P"]
[Result "1-0"]
[WhiteElo "2787"]
[BlackElo "2763"]

1.d4 Nf6 2.c4 e6 3.Nf3 b6 4.g3 Ba6 5.Nbd2 Bb7 6.Bg2 Be7 7.O-O O-O 8.Qc2 d5
9.cxd5 exd5 10.Ne5 c5 11.dxc5 bxc5 12.Rd1 Na6 13.b3 Qb6 14.Bb2 Rfe8 15.e3 Rac8
16.Rac1 h6 17.Qb1 Qe6 18.Nd3 Bd6 19.Qa1 Ng4 20.Nf1 Rc7 21.h3 Nf6 22.Bxf6 gxf6
23.Qb2 Rec8 24.Re1 c4 25.Nf4 Bxf4 26.exf4 Qb6 27.Qe2 c3 28.Ne3 Qe6 29.Qh5 Re8
30.Kh2 d4 31.Nf5  1-0

[Event "chess.com QF Blitz 5m+2spm 2016"]
[Site "chess.com INT"]
[Date "2016.05.04"]
[Round "6"]
[White "Harikrishna,P"]
[Black "Nakamura,Hi"]
[Result "1/2-1/2"]
[WhiteElo "2763"]
[BlackElo "2787"]

1.d4 Nf6 2.Nf3 e6 3.Bf4 c5 4.e3 d5 5.c3 Nc6 6.Nbd2 Bd6 7.Bg3 O-O 8.Bd3 b6
9.O-O Bb7 10.Qe2 Bxg3 11.hxg3 Ne7 12.dxc5 bxc5 13.e4 Ng6 14.Rad1 Qb6 15.b3 Rad8
16.e5 Nd7 17.c4 d4 18.Rfe1 h6 19.Be4 Bxe4 20.Qxe4 Qa5 21.Qc2 Qc7 22.Qe4 Qa5
23.Qc2 Qc7  1/2-1/2